| Tag |
First Indicator |
Second Indicator |
Subfields |
| LEADER |
00000cam a2200000 a 4500 |
| 001 |
in00001662821 |
| 005 |
20151024121503.0 |
| 008 |
000218s2001 ctu b 001 0 eng |
| 010 |
|
|
|a 00025127
|
| 020 |
|
|
|a 0275968596 (alk. paper)
|
| 035 |
|
|
|a (OCoLC)ocm43562060
|
| 040 |
|
|
|a DLC
|c DLC
|d TXA
|d UtOrBLW
|
| 043 |
|
|
|a e-uk---
|
| 049 |
|
|
|a TXAM
|
| 050 |
0 |
0 |
|a PR6056.L4
|b Z585 2001
|
| 082 |
0 |
0 |
|a 823/.914
|2 21
|
| 100 |
1 |
|
|a Black, Jeremy,
|d 1955-
|
| 245 |
1 |
4 |
|a The politics of James Bond :
|b from Fleming's novels to the big screen /
|c Jeremy Black.
|
| 264 |
|
1 |
|a Westport, Conn. :
|b Praeger,
|c 2001.
|
| 300 |
|
|
|a xiv, 227 pages ;
|c 24 cm.
|
| 336 |
|
|
|a text
|b txt
|2 rdacontent
|
| 337 |
|
|
|a unmediated
|b n
|2 rdamedia
|
| 338 |
|
|
|a volume
|b nc
|2 rdacarrier
|
| 504 |
|
|
|a "The novels and films": pages [215]-217.
|
| 504 |
|
|
|a Includes bibliographical references (pages [219]-220) and index.
|
| 600 |
1 |
0 |
|a Fleming, Ian,
|d 1908-1964
|x Characters
|x James Bond.
|
| 650 |
|
0 |
|a Politics and literature
|z Great Britain
|x History
|y 20th century.
|
| 600 |
1 |
0 |
|a Fleming, Ian,
|d 1908-1964
|x Film adaptations.
|
| 600 |
1 |
0 |
|a Fleming, Ian,
|d 1908-1964
|x Political and social views.
|
| 650 |
|
0 |
|a Spy stories, English
|x Film adaptations.
|
| 650 |
|
0 |
|a Spy stories, English
|x History and criticism.
|
| 650 |
|
0 |
|a James Bond films
|x History and criticism.
|
| 650 |
|
0 |
|a Spy films
|x History and criticism.
|
| 600 |
|
0 |
|a Bond, James
|c (Fictitious character)
|
| 650 |
|
0 |
|a Politics in motion pictures.
|
| 948 |
|
|
|a cataloged
|b h
|c 2002/5/8
|d c
|e dmitchel
|f 12:44:32 pm
|
| 994 |
|
|
|a E0
|b TXA
|
| 999 |
|
|
|a MARS
|
| 999 |
f |
f |
|s 82a84345-bae2-39c7-ad62-36d6d11cd19f
|i 40d98edf-c7b0-31ba-8ad0-837838b96b95
|t 0
|
| 952 |
f |
f |
|p normal
|a Texas A&M University
|b College Station
|c Sterling C. Evans Library
|d Evans: Library Stacks
|t 0
|e PR6056.L4 Z585 2001
|h Library of Congress classification
|i unmediated -- volume
|m A14828904013
|
| 998 |
f |
f |
|a PR6056.L4 Z585 2001
|t 0
|l Evans: Library Stacks
|